Statistics for Guess the Lyrics To Varsity Fanclub's "Zero"

Click here to take the quiz!

General Stats

  • This quiz has been taken 5 times
  • The average score is 300 of 415

Answer Stats

#Answer% Correct
89 | 147 | 231a
100%
6as
100%
18 | 30be
100%
11 | 91 | 99 | +10 otherscan
100%
78 | 220can't
100%
40could
100%
47 | 79 | 100 | +4 othersdo
100%
46 | 54 | 87 | +4 othersI
100%
152 | 187in
100%
56 | 64 | 80 | +22 othersit
100%
145It
100%
26 | 82 | 94 | +21 othersme
100%
164my
100%
58 | 200on
100%
8 | 19 | 34 | +7 othersthe
100%
69 | 131 | 211 | +4 othersto
100%
28 | 37 | 42 | +20 othersyou
100%
1 | 10 | 65 | +2 othersYou
100%
153your
100%
300and
80%
23 | 168at
80%
15 | 160but
80%
181don't
80%
74 | 178 | 216for
80%
75 | 217From
80%
59 | 201girl
80%
112 | 137 | 254 | +5 othersGirl
80%
148good
80%
39 | 77 | 173 | 219he
80%
96 | 238 | 318 | 367How
80%
83 | 225 | 315I'm
80%
67 | 209it's
80%
81 | 223Like
80%
102 | 109 | 126 | +13 otherslike
80%
41 | 122 | 264 | +4 othersmake
80%
97 | 239 | 319 | 368many
80%
302So
80%
107 | 124 | 249 | +5 othersso
80%
27 | 120 | 172 | +4 othersthat
80%
115 | 140 | 257 | +5 othersthere
80%
48 | 190Why
80%
183 | 303why
80%
104 | 111 | 128 | +16 othersZERO
80%
185being
60%
119 | 261 | 341 | 390Else
60%
70 | 212get
60%
55 | 88 | 197 | 230got
60%
290guy
60%
186here
60%
14 | 76 | 159 | +3 othershim
60%
105 | 247 | 327 | 376Keep
60%
22 | 149 | 167look
60%
117 | 118 | 142 | +13 othersnobody
60%
288 | 312only
60%
95 | 237out
60%
98 | 240 | 320 | 369people
60%
176 | 296right
60%
33See
60%
129 | 271 | 351 | 400Take
60%
287There's
60%
305try
60%
182understand
60%
63 | 205want
60%
45way
60%
71 | 213what
60%
51 | 193when
60%
310With
60%
13 | 158with
60%
72 | 214you're
60%
258ain''t
40%
2 | 116 | 141 | +7 othersain't
40%
57 | 199Come
40%
108 | 250 | 330 | 379cool
40%
304even
40%
43 | 295feel
40%
7he's
40%
32higher
40%
125 | 267 | 347 | 396hot
40%
36is
40%
53 | 61 | 66 | +12 othersknow
40%
299myself
40%
17never
40%
21 | 166One
40%
177 | 289one
40%
317original
40%
20same
40%
297that's
40%
50 | 192time
40%
133 | 275 | 355 | 404top
40%
29wanna
40%
150without
40%
24ya
40%
154corner
20%
9driver
20%
163fill
20%
84 | 226goin'
20%
3going
20%
16 | 161he'll
20%
93 | 235help
20%
68 | 210impossible
20%
5long
20%
73 | 215looking
20%
162never
20%
4nowhere
20%
189place
20%
35problem
20%
85 | 227prove
20%
90 | 232question
20%
12ride
20%
157rock
20%
188second
20%
184settle
20%
165space
20%
31taken
20%
25 | 170tells
20%
49 | 191waste
20%
38wish
20%
309work
20%

Score Distribution

Percentile by Number Answered

Percent of People with Each Score

Your Score History

You have not taken this quiz